Prečo vládne verejnému obstarávaniu cena

Vo verejnom obstarávaní stále víťazí najlacnejšia ponuka, pritom nový zákon, ktorým sa táto oblasť riadi zhruba jeden a pol roka hovorí, že v prvom rade treba hodnotiť tak, aby obstarávatelia získali potrebnú kvalitu za primeranú cenu.

Salvato in:
Dettagli Bibliografici
Autore principale: Lelkeš, Martin
Natura: Capitolo di libro
Lingua:slovacco
Soggetti:
Tags: Aggiungi Tag
Nessun Tag, puoi essere il primo ad aggiungerne!!

MARC

LEADER 00000naa a2200000 4500
001 0242035
005 20221104112336.5
041 0 |a slo 
044 |a SK 
245 1 0 |a Prečo vládne verejnému obstarávaniu cena  |c Martin Lelkeš 
520 |a Vo verejnom obstarávaní stále víťazí najlacnejšia ponuka, pritom nový zákon, ktorým sa táto oblasť riadi zhruba jeden a pol roka hovorí, že v prvom rade treba hodnotiť tak, aby obstarávatelia získali potrebnú kvalitu za primeranú cenu. 
610 2 0 |a obstarávanie verejné 
610 2 0 |a efektívnosť ekonomická 
610 2 0 |a transparentnosť 
610 2 0 |a ceny 
610 2 0 |a úpravy právne 
100 1 |a Lelkeš, Martin